02602nam a2200337 i 4500003000900000005001700009007000300026008004100029020001800070040003000088082001400118110006600132245007000198264003700268300002900305336002700334337003400361338002800395500002200423504003100445520121600476590002701692650003701719710006101756910001401817942001401831952013001845952013601975952013602111999001702247DO-SdBNP20250611073819.0ta240820s2022 dr 000 j spa d a9789945621327 aDO-SdBNPbspacBNPHUerda 222bR426g1 aRepública Dominicana.bMinisterio de Salud Pública98083010aGuía nacional para la atención de la coinfección TB y VIH / 1aSanto Domingo :bMspas,c[2022]. a113 páginas, c21 cm. 2rdacontentatextobtxt 2rdamediaasin mediación bn 2rdacarrieravolumenbnc aLibro en espiral. aBibliografía p: 102-105. aLa pandemia de la infección por el VIH representa un importante desafío para el control de la tuberculosis (TB) a nivel nacional, constituyó el 26% de los casos registrados con resultados de prueba de VIH (852/3749) en el 2019. Al mismo tiempo la tuberculosis fue una de las principales causas de muertes en personas viviendo con VIH, 50% (131/260) en el mismo periodo; esto atribuido a demoras en el diagnóstico en personas coinfectadas TB/VIH. Para el 2018 la Organización Mundial de la Salud (OMS) estimó que a nivel mundial 10 millones de personas enfermaron de tuberculosis (TB), de los cuales 1.5 fallecieron a causa de la enfermedad y dentro de estas 251,000 eran personas viviendo con VIH. La TB es la causa principal de muerte en personas con VIH30 . La coinfección TB/VIH es un problema de salud pública a nivel mundial, siendo el Caribe una de las áreas de mayor incidencia y prevalencia de casos en la Región de las Américas. Estandarizar y unificar los lineamientos sobre prevención, diagnóstico y tratamiento de la coinfección TB/VIH de manera integral y coordinada entre los programas de control de la tuberculosis y control de VIH, basados en evidencia científica. aInventariado, 2024/ YL 4aTuberculosisxTratamiento9790011 aMinisterio de Salud Pública y Asistencia Social986348 aYLockward 2ddccLBS1 00102ddc51708PDaBNPHUbBNPHUcCTd2024-07-16eDeposito Legall0oBNPHU PD R426gp2024-4929r2024-08-20w2024-08-20yLBS1 00102ddc51708PDaBNPHUbBNPHUcCTd2024-07-16eDeposito Legall0oBNPHU PD R426gp2024-4930r2024-08-20te. 2w2024-08-20yLBS1 00102ddc56708DSaBNPHUbBNPHUcCTd2024-07-16eDeposito Legall0oBNPHU DS R426gp2024-4931r2024-08-20te. 3w2024-08-20yLBS1 c57482d57482